000 00351nam a2200133 i 4500
001 bg
100 1 _aROLLEK, Wacław
245 0 _aProblemy czynnego zwalczania hałasu pomp wielotłoczkowych osiowych /
_cWacław Rollek.
260 _aWrocław,
_c1976.
040 _cBPK
041 _apol
942 _cKS
008 s pl f |000 0 pol
999 _c17225
_d17225
856 _uhttp://koha.tu.koszalin.pl/cgi-bin/koha/opac-detail.pl?biblionumber=17225
_yKatalog online BPK